Gran atlas Salvat : Europa /

Shranjeno v:
Bibliografske podrobnosti
Glavni avtor: Navarro, Francesc (dir. editorial)
Format: Knjiga
Jezik:španščina
Izdano: Barcelona, España : Salvat, 1993, c1993
Teme:
Oznake: Označite
Brez oznak, prvi označite!

MARC

LEADER 00000nam^a2200000^a^4500
001 000316184
005 20250521000000.0
009 20260310113306.219
020 |a 84-345-5716-9 
020 |a 84-345-5714-2 
025 |a Donación Héctor Garza, 1 ejemplar 
037 |a Acervo Xavier Clavigero 
041 |a ESP 
082 |a 912.  |b GRA V. 2 
100 |a Navarro, Francesc  |e (dir. editorial) 
240 1 1 |a [Gran atlas Salvat] 
245 1 0 |a Gran atlas Salvat :  |b Europa /  |c Dir. editorial de F. Navarro ; il. de María Dolores Alba. 
264 4 |a Barcelona, España :  |b Salvat,  |c 1993, c1993 
300 |a p. 69-112 
336 |a texto  |b txt  |2 rdacontenido 
337 |a sin mediación  |b n  |2 rdamedio 
338 |a volumen  |b nc  |2 rdasoporte 
649 |a XX 
650 |a Atlas -  |z Europa 
650 |a Cartografía -  |z Europa 
650 |a Geografía -  |z Europa 
650 |a Europa -  |x Mapas -  |x Tema Principal 
910 |a Fondo General 
920 |a Impresos - Libros 
930 |a Obras de Referencia 
905 |a 102 
901 |a 0500202851  |b IT2  |c REF  |i D  |u 20250521 
902 |a https://opac.biblio.iteso.mx/vufind/Record/000316184